MARC details
| 000 -CABECERA |
| campo de control de longitud fija |
02973cam a2200313 i 4500 |
| 003 - IDENTIFICADOR DEL NÚMERO DE CONTROL |
| campo de control |
DO-SdBNP |
| 005 - FECHA Y HORA DE LA ÚLTIMA TRANSACCIÓN |
| campo de control |
20231019142437.0 |
| 007 - CAMPO FIJO DE DESCRIPCIÓN FÍSICA--INFORMACIÓN GENERAL |
| campo de control de longitud fija |
ta |
| 008 - DATOS DE LONGITUD FIJA--INFORMACIÓN GENERAL |
| campo de control de longitud fija |
751003s2016 sp 000 0 spa d |
| 020 ## - NÚMERO INTERNACIONAL ESTÁNDAR DEL LIBRO |
| Número Internacional Estándar del Libro |
9788484282198 |
| 040 ## - FUENTE DE LA CATALOGACIÓN |
| Centro catalogador/agencia de origen |
DO-SdBNP |
| Lengua de catalogación |
spa |
| Centro/agencia transcriptor |
BNPHU |
| Normas de descripción |
rda |
| 082 #4 - NÚMERO DE LA CLASIFICACIÓN DECIMAL DEWEY |
| Número de clasificación |
891.73 |
| Número de documento/Ítem |
C515 |
| Número de edición |
22 |
| 100 ## - ENTRADA PRINCIPAL--NOMBRE DE PERSONA |
| Nombre de persona |
Chéjov, Antón P. |
| Fechas asociadas al nombre |
1860-1904 |
| 9 (RLIN) |
49091 |
| 245 10 - MENCIÓN DE TÍTULO |
| Título |
Cuentos / |
| Mención de responsabilidad, etc. |
Antón Chéjov ; selección y traducción Víctor Gallego Ballestero |
| 250 ## - MENCIÓN DE EDICIÓN |
| Mención de edición |
8va. edición |
| 264 #1 - PRODUCCIÓN, PUBLICACIÓN, DISTRIBUCIÓN, FABRICACIÓN Y COPYRIGHT |
| Producción, publicación, distribución, fabricación y copyright |
Madrid, España : |
| Nombre del de productor, editor, distribuidor, fabricante |
Alba editorial, |
| Fecha de producción, publicación, distribución, fabricación o copyright |
2016. |
| 300 ## - DESCRIPCIÓN FÍSICA |
| Extensión |
766 páginas |
| Dimensiones |
23 cm. |
| 336 ## - TIPO DE CONTENIDO |
| Fuente |
rdacontent |
| Término de tipo de contenido |
texto |
| Código de tipo de contenido |
txt |
| 337 ## - TIPO DE MEDIO |
| Fuente |
rdamedia |
| Nombre/término del tipo de medio |
sin mediación |
| Código del tipo de medio |
n |
| 338 ## - TIPO DE SOPORTE |
| Fuente |
rdacarrier |
| Nombre/término del tipo de soporte |
volumen |
| Código del tipo de soporte |
nc |
| 490 0# - MENCIÓN DE SERIE |
| Mención de serie |
Alba Maior ; |
| -- |
Clásicos Maior |
| Designación de volumen o secuencia |
21 |
| 500 ## - NOTA GENERAL |
| Nota general |
Incluye datos biográficos del autor en la solapa de la cubierta |
| 505 0# - NOTA DE CONTENIDO CON FORMATO |
| Título |
Unas palabras sobre la presente selección -- |
| -- |
En la barbería (1883) -- |
| -- |
La muerte de un funcionario (1883) -- |
| -- |
La hija de Albión (1883) -- |
| -- |
La cerilla sueca (1884) -- |
| -- |
Cirugía (1884) -- |
| -- |
El camaleón (1883) -- |
| -- |
De mal en peor (1884) -- |
| -- |
Las ostras (1884) -- |
| -- |
De mal humor (1884) -- |
| -- |
Los nervios (1885) -- |
| -- |
Los simuladores (1885) -- |
| -- |
Apellido de caballo (1885) -- |
| -- |
El cazador (1885) -- |
| -- |
El malhechor (1885) -- |
| -- |
¡Qué público! (1885) -- |
| -- |
Tristeza (1886) -- |
| -- |
Aniuta (1886) -- |
| -- |
Iván Matveich (1886) -- |
| -- |
La bruja (1886) -- |
| -- |
Agafia (1886) -- |
| -- |
Pesadilla (1886) -- |
| -- |
La noche de Pascua (1886) -- |
| -- |
La corista (1886) -- |
| -- |
Por casualidad (1886) -- |
| -- |
Pequeñeces de la vida (1886) -- |
| -- |
Vanka (1886) -- |
| -- |
La helada (1887) -- |
| -- |
Enemigos (1887) -- |
| -- |
Vérochka (1887) -- |
| -- |
Tifus (1887) -- |
| -- |
El juez de instrucción (1887) -- |
| -- |
Volodia (1887) -- |
| -- |
Un trotamundos (Bosquejo de un viaje) (1887) -- |
| -- |
El caramillo (1887) -- |
| -- |
El beso (1887) -- |
| -- |
Relato de la señorita N. N. (1887) -- |
| -- |
Ganas de dormir (1888) -- |
| -- |
Luces (1888) -- |
| -- |
El zapatero y el diablo (1888) -- |
| -- |
La apuesta (1889) -- |
| -- |
La apuesta (1889) -- |
| -- |
La procesa (1889) -- |
| -- |
Gúsiev (1890) -- |
| -- |
Campesinas (1891) -- |
| -- |
La cigarra (1892) -- |
| -- |
En deportación (1892) -- |
| -- |
Vecinos (1892) -- |
| -- |
Terror (relato de un amigo) (1892) -- |
| -- |
Terror (relato de un amigo) (1892) -- |
| -- |
El monje negro (1894) -- |
| -- |
El violín de Rothschild (1894) -- |
| -- |
El estudiante (1894) -- |
| -- |
Ariadna (1895) -- |
| -- |
Casa con desván (relato de un pintor) (1896) -- |
| -- |
En el carro (1897) -- |
| -- |
El hombre enfundado (1898) -- |
| -- |
Las grosellas (1898) -- |
| -- |
Del amor (1898) -- |
| -- |
Una visita médica (1898) -- |
| -- |
La nueva dacha (1899) -- |
| -- |
La dama del perrito (1899) -- |
| -- |
En fiestas (1900) -- |
| -- |
El obispo (1902) -- |
| 520 ## - SUMARIO, ETC. |
| Sumario, etc. |
Este volumen reúne sesenta cuentos de Chéjov cuidadosamente seleccionados y traducidos por Víctor Gallego con la intención de que el lector español disponga de una antología extensa y representativa de la narrativa breve del gran escritor ruso. |
| 590 ## - NOTA LOCAL (RLIN) |
| Nota local |
Inventariado, 2023/ YL |
| 700 1# - PUNTO DE ACCESO ADICIONAL--NOMBRE DE PERSONA |
| Nombre de persona |
Gallego Ballestero, Víctor |
| Término indicativo de función/relación |
selección y traducción |
| 9 (RLIN) |
84436 |
| 910 ## - DATOS DE OPCIÓN DEL USUARIO (OCLC) |
| Datos de opción del usuario |
Ylockward. Validado. Control de calidad MFF |
| 942 ## - ELEMENTOS DE PUNTO DE ACCESO ADICIONAL (KOHA) |
| Fuente del sistema de clasificación o colocación |
Dewey Decimal Classification |
| Tipo de ítem Koha |
Libro |